Minecraft Items - Sudden Death - Statistics

General Stats
  • This quiz has been taken 163 times
  • The average score is 7 of 7
Answers on the Grid
Answers color-coded by a green-red scale on the quiz's grid according to % correct below.
Bed
Piano
Rail
Lead
Clock
Sign
Toilet
Bathtub
Minecart
Lever
 
Answer Stats
Answer % Correct
Lever
99%
Bed
98%
Minecart
98%
Rail
98%
Sign
97%
Clock
95%
Lead
95%
No matching quizzes found
Score Distribution
Percent of People with Each Score
Percentile by Number Answered
Your Score History
You have not taken this quiz